000
00280nam a2200109Ia 4500
008
220204s9999 xx 000 0 und d
082
_a
301.15(540)
_b
SRI
100
_a
Srinivas, M N
245
0
_a
Dimensions of social change in India
260
_a
Bombay
_b
Allied
_c
1977
942
_c
BK
999
_c
27709
_d
27709